000
00284nam a2200121Ia 4500
005
20251222143247.0
008
251222s9999||||xx |||||||||||||| ||spa||
020
_a
978-964-2824-40-3
082
_a
298.1/E39
245
0
_a
Jesús y María en el Islam
250
_a
2a.ed.
942
_c
LIB
999
_c
14812
_d
14812